000
00299nam a2200145Ia 4500
100
_a
Sklar/Bernard
250
_a
2
942
_c
BK
654
_a
digital
245
_a
Digital commuications
260
_b
Pearson Education
_c
2001
082
_a
621.382
_b
SKL
300
_a
1079
546
_a
ENGLISH
999
_c
18456
_d
18456